[Event "Bavaria Donaucup 2017"]
[Site "Regensburg"]
[Date "2017.05.25"]
[Round "3.5"]
[White "Fuchs, Stefan"]
[Black "Kanewski, Josef"]
[Result "1/2-1/2"]
[WhiteElo "1913"]
[BlackElo "2034"]
[PlyCount "91"]
[EventDate "2017.??.??"]
[WhiteTeam "SC Bav Regensburg"]
[BlackTeam "SC Bav Regensburg"]

1. e4 c5 2. Nf3 Nc6 3. d4 cxd4 4. Nxd4 Nf6 5. Nc3 e5 6. Ndb5 d6 7. Bg5 a6 8.
Na3 b5 9. Nd5 Be7 10. Bxf6 Bxf6 11. c3 O-O 12. Be2 Bg5 13. O-O Ne7 14. Nxe7+
Bxe7 15. Nc2 Bb7 16. Bf3 Qb6 17. Qd3 g6 18. Nb4 Qc5 19. Rad1 Kg7 20. Nd5 Bd8
21. a3 Rc8 22. Bg4 f5 23. exf5 Bxd5 24. Qxd5 gxf5 25. Qxc5 Rxc5 26. Be2 d5 27.
f3 Bb6 28. Kh1 Rd8 29. g4 f4 30. Bd3 h6 31. Rfe1 Kf6 32. Bf5 Rc6 33. Rd3 Be3
34. Red1 d4 35. cxd4 exd4 36. Rb3 Rdd6 37. Kg2 Rc5 38. Kf1 Kg5 39. Bd3 Rdc6 40.
Ke2 Rc1 41. Rxc1 Rxc1 42. a4 Rh1 43. axb5 Rxh2+ 44. Ke1 axb5 45. Rxb5+ Kf6 46.
Rh5 1/2-1/2

[Event "Bavaria Donaucup 2017"]
[Site "Regensburg"]
[Date "2017.05.25"]
[Round "3.6"]
[White "Uphoff, Lennart"]
[Black "Brack, Johannes"]
[Result "1-0"]
[WhiteElo "2004"]
[BlackElo "1889"]
[PlyCount "37"]
[EventDate "2017.??.??"]
[WhiteTeam "FC Mintraching"]
[BlackTeam "Regensburg RT"]

1. d4 d5 2. c4 c6 3. Nf3 Nf6 4. Nc3 e6 5. Bg5 Nbd7 6. e3 Be7 7. Bd3 O-O 8. O-O
dxc4 9. Bxc4 b5 10. Bd3 a6 11. Qe2 c5 12. Rad1 Qc7 13. e4 cxd4 14. Nxd4 Qc5 15.
Be3 Qc7 16. Rc1 Qa5 17. Nc6 Qc7 18. Nxe7+ Kh8 19. Nxb5 1-0

[Event "Bavaria Donaucup 2017"]
[Site "Regensburg"]
[Date "2017.05.25"]
[Round "3.7"]
[White "Bruell, Elias"]
[Black "Kangas, Lauri"]
[Result "0-1"]
[WhiteElo "1690"]
[BlackElo "1999"]
[PlyCount "82"]
[EventDate "2017.??.??"]
[WhiteTeam "SC Bav. Regensburg"]
[BlackTeam "Pässi"]

1. e4 e6 2. d4 d5 3. e5 c5 4. c3 Nc6 5. Nf3 Qb6 6. a3 c4 7. Nbd2 Na5 8. b4 cxb3
9. Rb1 Bd7 10. c4 dxc4 11. Nxc4 Nxc4 12. Bxc4 Rc8 13. Qxb3 Qxb3 14. Bxb3 Bc6
15. O-O Ne7 16. Bb2 Nd5 17. Nd2 Nf4 18. f3 Rd8 19. Kf2 Nd3+ 20. Ke3 Nxb2 21.
Rxb2 Bxa3 22. Ra2 Bb4 23. Nc4 a6 24. Na5 Bxa5 25. Rxa5 Ke7 26. Rc1 Rd7 27. Ba4
Bxa4 28. Rxa4 Ra8 29. Rb1 Kd8 30. Rb6 Kc7 31. Rab4 Kb8 32. Ke4 Ka7 33. Rd6 Rad8
34. Rbb6 Rxd6 35. Rxd6 Rxd6 36. exd6 Kb6 37. d5 exd5+ 38. Kxd5 a5 39. f4 a4 40.
Kc4 Kc6 41. Kb4 b5 0-1

[Event "Bavaria Donaucup 2017"]
[Site "Regensburg"]
[Date "2017.05.25"]
[Round "3.8"]
[White "Bunk, Wolfgang"]
[Black "Brack, Andre"]
[Result "1-0"]
[WhiteElo "1987"]
[BlackElo "1635"]
[PlyCount "77"]
[EventDate "2017.??.??"]
[WhiteTeam "SC Bav Regensburg"]
[BlackTeam "Regensburg RT"]

1. d4 d5 2. c4 e5 3. dxe5 d4 4. Nf3 Nc6 5. Nbd2 Bg4 6. g3 Bc5 7. a3 a6 8. b4
Bb6 9. Bg2 Nge7 10. O-O O-O 11. Bb2 d3 12. c5 Ba7 13. Nc4 dxe2 14. Qxe2 b6 15.
Rfd1 Qc8 16. cxb6 cxb6 17. Rac1 Rd8 18. Nd6 Qe6 19. h3 Bxf3 20. Bxf3 Qd7 21.
Nxf7 Qe6 22. Nxd8 Rxd8 23. Rxd8+ Nxd8 24. Qxa6 Qb3 25. Qc4+ Qxc4 26. Rxc4 Bb8
27. a4 Kf7 28. Be4 g6 29. Kg2 Ke6 30. f4 Kd7 31. Kf3 Ndc6 32. b5 Na5 33. Rd4+
Ke6 34. Bb1 g5 35. Ba2+ Kf5 36. Rd7 Nec6 37. g4+ Kg6 38. Bb1+ Kh6 39. Rxh7# 1-0

[Event "Bavaria Donaucup 2017"]
[Site "Regensburg"]
[Date "2017.05.25"]
[Round "3.9"]
[White "Klausmann, Leonard"]
[Black "Disterheft, David"]
[Result "1/2-1/2"]
[WhiteElo "1696"]
[BlackElo "1972"]
[PlyCount "57"]
[EventDate "2017.??.??"]
[WhiteTeam "TSV Kareth-Lappersdorf"]
[BlackTeam "SC Bav Regensburg"]

1. e4 c5 2. Nf3 Nc6 3. b4 cxb4 4. d4 d5 5. exd5 Qxd5 6. c4 Qa5 7. Bb2 e6 8.
Nbd2 Nf6 9. Bd3 Be7 10. Qc2 Bd7 11. O-O Rc8 12. Ne5 Nxe5 13. dxe5 Ng4 14. Nf3
h5 15. h3 Nh6 16. Qe2 O-O 17. Bc1 f5 18. Bxh6 gxh6 19. Rad1 Rfd8 20. Nd4 Bc5
21. Nxf5 exf5 22. e6 Be8 23. e7 Rd6 24. Bxf5 Rcc6 25. Rxd6 Rxd6 26. Be6+ Rxe6
27. Qxe6+ Kg7 28. Qe5+ Kg8 29. Qe6+ 1/2-1/2

[Event "Bavaria Donaucup 2017"]
[Site "Regensburg"]
[Date "2017.05.25"]
[Round "3.10"]
[White "Plank, Michael"]
[Black "Bruell, Martin"]
[Result "1-0"]
[WhiteElo "2030"]
[BlackElo "1835"]
[PlyCount "111"]
[EventDate "2017.??.??"]
[WhiteTeam "TSV Nittenau"]
[BlackTeam "SC Bav Regensburg"]

1. e4 c5 2. Nc3 a6 3. f4 e6 4. Nf3 Nf6 5. e5 Nd5 6. g3 b5 7. Ne4 Bb7 8. d3 f5
9. exf6 Nxf6 10. Qe2 Be7 11. Bg2 O-O 12. O-O Qb6 13. Kh1 Nc6 14. c3 Rae8 15.
Be3 d5 16. Ned2 Bd6 17. d4 cxd4 18. Bxd4 Bc5 19. Nb3 Bxd4 20. cxd4 Ne4 21. Rac1
a5 22. Qe3 a4 23. Nc5 Nxc5 24. Rxc5 Ne7 25. Rfc1 Nf5 26. Qe5 Nd6 27. Rc7 Rf7
28. Rxf7 Nxf7 29. Qe3 Nd6 30. b3 Ne4 31. Ne5 axb3 32. axb3 Re7 33. Bh3 b4 34.
Nd3 Nc3 35. Kg1 Qxd4 36. Re1 Qxe3+ 37. Rxe3 Kf7 38. Nxb4 d4 39. Re1 Bf3 40. Kf2
Bb7 41. Bf1 Ne4+ 42. Kg1 Nd2 43. Rd1 Nxf1 44. Kxf1 Rd7 45. Kf2 Be4 46. Nd3 Bxd3
47. Rxd3 e5 48. Kf3 g5 49. fxe5 Ke6 50. Ke4 Rd5 51. g4 Rxe5+ 52. Kxd4 Rb5 53.
Kc4 Rb8 54. Re3+ Kd6 55. b4 Rc8+ 56. Kb3 1-0

[Event "Bavaria Donaucup 2017"]
[Site "Regensburg"]
[Date "2017.05.25"]
[Round "3.11"]
[White "Luetkemeyer, Arnd"]
[Black "Burkhardt, Holger"]
[Result "1-0"]
[WhiteElo "1844"]
[BlackElo "2015"]
[PlyCount "85"]
[EventDate "2017.??.??"]
[WhiteTeam "MSA Zugzwang"]
[BlackTeam "SK Gießen"]

1. e4 Nc6 2. Nc3 e6 3. d4 d5 4. e5 Qe7 5. Nf3 Bd7 6. Bb5 O-O-O 7. Bxc6 Bxc6 8.
O-O f6 9. Re1 Qf7 10. Ne2 Re8 11. a4 h5 12. Bd2 Ne7 13. b4 Ng6 14. b5 Bd7 15.
c4 dxc4 16. Qc2 Kb8 17. Nf4 Nxf4 18. Bxf4 g5 19. Bd2 g4 20. Nh4 f5 21. Bg5 Rg8
22. Bf6 Be7 23. Bxe7 Qxe7 24. g3 c6 25. b6 a6 26. Ng2 c5 27. Qxc4 cxd4 28. Nf4
h4 29. Red1 hxg3 30. fxg3 Bc6 31. Rxd4 Qg7 32. Qc5 Rh8 33. Rad1 Rc8 34. Qd6+
Ka8 35. Nxe6 Qh7 36. R1d2 f4 37. Nc7+ Kb8 38. Nxa6+ Ka8 39. Nc7+ Kb8 40. Rxf4
Qb1+ 41. Rf1 Qxb6+ 42. Qd4 Kxc7 43. Rf7+ 1-0

[Event "Bavaria Donaucup 2017"]
[Site "Regensburg"]
[Date "2017.05.25"]
[Round "3.12"]
[White "Paajala, Niki"]
[Black "Vlaar, Shannon"]
[Result "0-1"]
[WhiteElo "1946"]
[BlackElo "1835"]
[PlyCount "78"]
[EventDate "2017.??.??"]
[WhiteTeam "Pässi"]

1. e4 c5 2. Nc3 e6 3. g3 Nc6 4. Bg2 Nf6 5. d3 Be7 6. f4 d5 7. e5 Nd7 8. Nf3 Rb8
9. Ne2 b5 10. a3 Bb7 11. c3 a5 12. O-O O-O 13. g4 g6 14. g5 b4 15. axb4 axb4
16. Ng3 Qb6 17. h3 Ra8 18. Rxa8 Rxa8 19. Nh2 bxc3 20. bxc3 Ra2 21. Ng4 d4 22.
Nh6+ Kf8 23. Ne4 dxc3 24. Nxc3 c4+ 25. Kh1 Rxg2 26. Kxg2 Ncxe5+ 27. Kg3 Nxd3
28. Qa4 Bc6 29. Qa1 e5 30. fxe5 N7xe5 31. Nxf7 Nxf7 32. Nd5 Bd6+ 33. Nf4 Nxc1
34. Qxc1 Qb3+ 35. Kh4 Bd7 36. Nxg6+ hxg6 37. Rxf7+ Kxf7 38. Qf4+ Bf5 39. Qe3
Bg3+ 0-1

[Event "Bavaria Donaucup 2017"]
[Site "Regensburg"]
[Date "2017.05.25"]
[Round "3.13"]
[White "Liess, Alexander"]
[Black "Brunner, Tobias"]
[Result "1/2-1/2"]
[WhiteElo "1811"]
[BlackElo "1920"]
[PlyCount "77"]
[EventDate "2017.??.??"]
[WhiteTeam "SC Bav Regensburg"]
[BlackTeam "TSV Nittenau"]

1. e4 d5 2. exd5 Qxd5 3. Nf3 Bf5 4. d4 Qe4+ 5. Be3 Qxc2 6. Qxc2 Bxc2 7. Na3 Ba4
8. Bb5+ Bxb5 9. Nxb5 Na6 10. d5 Nf6 11. O-O-O Nxd5 12. Rxd5 c6 13. Rd2 cxb5 14.
Rhd1 f6 15. Nd4 Nc7 16. Rc2 Nd5 17. Nxb5 Nxe3 18. fxe3 Kf7 19. Rd7 a6 20. Nd4
b5 21. Rcc7 g6 22. Nc6 Re8 23. Kd2 h5 24. Kc3 h4 25. h3 Rh5 26. Kb4 Rg5 27. Rd2
Bh6 28. Ka5 Rf5 29. Re2 Rd5 30. Kxa6 Ke6 31. e4 Rh5 32. Rb7 Bf4 33. Nd4+ Kf7
34. Nxb5 Ra8+ 35. Kb6 Rxa2 36. Nc3 Ra8 37. Nd5 Bd6 38. b4 Ra4 39. Kc6 1/2-1/2

[Event "Bavaria Donaucup 2017"]
[Site "Regensburg"]
[Date "2017.05.25"]
[Round "3.14"]
[White "Warnk, Torsten"]
[Black "Sammet, Dominik"]
[Result "1/2-1/2"]
[WhiteElo "1909"]
[BlackElo "1803"]
[PlyCount "75"]
[EventDate "2017.??.??"]
[WhiteTeam "SG Bensheim"]
[BlackTeam "SC Bav Regensburg"]

1. d4 Nf6 2. Nf3 c5 3. c3 e6 4. Bg5 Be7 5. e3 O-O 6. Bd3 a6 7. O-O Nc6 8. a3 d6
9. Qc2 h6 10. Bh4 b5 11. dxc5 dxc5 12. Rd1 Qb6 13. c4 Rb8 14. cxb5 axb5 15.
Nbd2 Ba6 16. Bg3 Rbc8 17. Ne4 Rfd8 18. Rab1 Nd5 19. Nc3 Nf6 20. Ne5 Nxe5 21.
Bxe5 b4 22. Bxa6 Qxa6 23. Qe2 Qxe2 24. Nxe2 Rxd1+ 25. Rxd1 bxa3 26. bxa3 Ra8
27. Ra1 Nd7 28. Bc3 Nb6 29. Be1 c4 30. Rb1 Nd5 31. Rc1 Rxa3 32. Rxc4 Ra1 33.
Rc1 Rxc1 34. Nxc1 Bb4 35. Bxb4 Nxb4 36. f3 f6 37. Kf2 Kf7 38. e4 1/2-1/2

[Event "Bavaria Donaucup 2017"]
[Site "Regensburg"]
[Date "2017.05.25"]
[Round "3.15"]
[White "Jobst, Thomas"]
[Black "Krupke, Sven"]
[Result "0-1"]
[WhiteElo "1756"]
[BlackElo "1903"]
[PlyCount "114"]
[EventDate "2017.??.??"]
[WhiteTeam "vereinlos"]
[BlackTeam "SF Rosenheim"]

1. c4 e6 2. g3 Nf6 3. Bg2 d5 4. Nf3 c6 5. O-O Nbd7 6. d3 Bd6 7. Nc3 e5 8. cxd5
cxd5 9. Bg5 h6 10. Bxf6 Nxf6 11. Nb5 Bb8 12. d4 e4 13. Ne5 Qb6 14. Nc3 O-O 15.
Na4 Qe6 16. Nc5 Qe7 17. b4 b6 18. Nb3 Bxe5 19. dxe5 Qxe5 20. Qd4 Qe7 21. Rfc1
Ba6 22. Rc2 Bc4 23. Nd2 b5 24. a3 a5 25. Nxc4 dxc4 26. bxa5 Rxa5 27. Qb2 Rc8
28. Bh3 Rc7 29. Qd4 Rca7 30. Qb6 Qc7 31. Qxc7 Rxc7 32. Rb1 Rc5 33. Ra2 Nd5 34.
Rc1 Rc7 35. Bg2 f5 36. g4 g6 37. f3 e3 38. gxf5 g5 39. Rb2 Kg7 40. Rcb1 Nc3 41.
Ra1 Rca7 42. f4 Rxa3 43. Rxa3 Rxa3 44. Bc6 Rb3 45. Rc2 gxf4 46. Kg2 Kf6 47. Bd7
Ke5 48. Kf3 Ne4 49. h4 c3 50. Bc6 Nd6 51. f6 Kxf6 52. Kxf4 Nf5 53. Ke4 Rb4+ 54.
Kd3 Rd4+ 55. Kxc3 Rc4+ 56. Kb3 Rxc2 57. Kxc2 Nd4+ 0-1

[Event "Bavaria Donaucup 2017"]
[Site "Regensburg"]
[Date "2017.05.25"]
[Round "3.16"]
[White "Haselbeck, Franz"]
[Black "Hessler, Markus"]
[Result "1/2-1/2"]
[WhiteElo "1895"]
[BlackElo "1750"]
[PlyCount "49"]
[EventDate "2017.??.??"]
[WhiteTeam "SV Deggendorf"]
[BlackTeam "SF Roding"]

1. Nf3 g6 2. g3 Bg7 3. Bg2 d5 4. d3 Nf6 5. O-O O-O 6. Nbd2 Nbd7 7. e4 e5 8. Qe2
Re8 9. b3 c6 10. Bb2 Qc7 11. Rfe1 d4 12. a4 b6 13. Rec1 Qd8 14. Nc4 Bf8 15. c3
dxc3 16. Bxc3 Nc5 17. Rab1 Qxd3 18. Qxd3 Nxd3 19. Rd1 Nxf2 20. Nd6 Nxd1 21.
Nxe8 Nxc3 22. Nxf6+ Kg7 23. Ne8+ Kg8 24. Nf6+ Kg7 25. Ne8+ 1/2-1/2

[Event "Bavaria Donaucup 2017"]
[Site "Regensburg"]
[Date "2017.05.25"]
[Round "3.17"]
[White "Noeckler, Alexander"]
[Black "Krupke, Hardi"]
[Result "1-0"]
[WhiteElo "1854"]
[BlackElo "1602"]
[PlyCount "99"]
[EventDate "2017.??.??"]
[WhiteTeam "SK Weiden"]
[BlackTeam "SG Neumünster"]

1. c4 e6 2. Nf3 d5 3. e3 Nf6 4. b3 Nbd7 5. Bb2 Bd6 6. Be2 c6 7. Qc2 Qc7 8. O-O
O-O 9. d3 Ng4 10. h3 Nge5 11. Nbd2 b6 12. Rac1 Qb8 13. Nd4 Bb7 14. Qc3 Nf6 15.
e4 c5 16. Nb5 d4 17. Qc2 Be7 18. f4 Nc6 19. e5 Ne8 20. Rce1 Nb4 21. Qb1 a6 22.
Na3 Bh4 23. Rd1 Bg3 24. Bc1 g6 25. Kh1 Ng7 26. Bf3 Nf5 27. Bxb7 Qxb7 28. Ne4
Qe7 29. Nf6+ Kg7 30. Rf3 h5 31. Qb2 Nc6 32. Nb1 Nb8 33. Nd2 Nd7 34. Nfe4 Ne3
35. Rg1 h4 36. Nxg3 hxg3 37. Rxg3 Qh4 38. Rf3 Rh8 39. Ne4 Nf5 40. g4 Nh6 41.
Qg2 a5 42. Bd2 Qe7 43. Rb1 Nb8 44. f5 exf5 45. Bg5 Qe6 46. Bf6+ Kg8 47. gxf5
Nxf5 48. Bxh8 Nh4 49. Qg5 Nxf3 50. Qh6 1-0

[Event "Bavaria Donaucup 2017"]
[Site "Regensburg"]
[Date "2017.05.25"]
[Round "3.18"]
[White "Riedl, Maximilian"]
[Black "Oberhofer, Marie"]
[Result "1-0"]
[WhiteElo "1945"]
[BlackElo "1676"]
[PlyCount "148"]
[EventDate "2017.??.??"]
[WhiteTeam "SC Furth Waldm."]
[BlackTeam "SC Bav Regensburg"]

1. e4 c5 2. Nf3 d6 3. Bb5+ Nc6 4. O-O Bd7 5. Nc3 Nf6 6. Re1 g6 7. Nd5 Bg7 8. c3
a6 9. Ba4 b5 10. Bc2 O-O 11. h3 Re8 12. d3 Nxd5 13. exd5 Ne5 14. Nxe5 Bxe5 15.
f4 Bg7 16. Bd2 Qc7 17. Qf3 e6 18. dxe6 Bxe6 19. Re2 Bd7 20. Rae1 Qc6 21. Qxc6
Bxc6 22. Kf2 Kf8 23. g4 Rxe2+ 24. Rxe2 Re8 25. Rxe8+ Kxe8 26. Ke3 Ke7 27. Bd1
Ke6 28. h4 d5 29. d4 c4 30. Bc2 f5 31. Bd1 Bd7 32. h5 Kd6 33. hxg6 hxg6 34. Bc2
Ke6 35. Be1 Bf6 36. gxf5+ gxf5 37. Bd1 Be8 38. Bf3 Bf7 39. Kd2 Kd7 40. b3 Be7
41. bxc4 bxc4 42. Bd1 Kd8 43. Ke3 Bf6 44. Bd2 Be7 45. Bc2 Bg6 46. Kf3 Bf6 47.
Be1 Ke7 48. Kg3 a5 49. Kh3 Ke6 50. Bh4 Bxh4 51. Kxh4 Kf6 52. Ba4 Bf7 53. Bc6
Kg6 54. Bd7 Kf6 55. Bc8 Be8 56. Bb7 Bf7 57. Bc6 Kg6 58. Ba4 Kf6 59. Bd1 Be6 60.
Bh5 Bd7 61. Kh3 Bc6 62. Kh4 Bd7 63. Bf3 Be6 64. Kh5 Bg8 65. Kh6 Bf7 66. Bh5 Be6
67. Kh7 Bd7 68. Kg8 Be6+ 69. Kf8 Bd7 70. Bf7 Bc6 71. Bg8 Bb7 72. Ke8 Kg7 73.
Be6 Kf6 74. Bd7 Ba8 1-0

[Event "Bavaria Donaucup 2017"]
[Site "Regensburg"]
[Date "2017.05.25"]
[Round "3.19"]
[White "Landstorfer, Raphael"]
[Black "Brassat, Juergen"]
[Result "1-0"]
[WhiteElo "1799"]
[BlackElo "1662"]
[PlyCount "67"]
[EventDate "2017.??.??"]
[WhiteTeam "TSV Kar-Lappersdorf"]
[BlackTeam "DJK Regensburg Nord"]

1. e4 c5 2. Nf3 d6 3. d4 cxd4 4. Nxd4 Nf6 5. Nc3 a6 6. Bg5 Nbd7 7. f4 Qc7 8.
Qf3 g6 9. O-O-O Bg7 10. Nd5 Nxd5 11. exd5 Nf6 12. Bxf6 Bxf6 13. g4 Bd7 14. g5
Bg7 15. Bh3 Rc8 16. Bxd7+ Qxd7 17. c3 b5 18. Kb1 a5 19. Nc6 b4 20. cxb4 axb4
21. Rhe1 e5 22. fxe5 O-O 23. exd6 Kh8 24. Qf4 b3 25. a3 Rxc6 26. dxc6 Qxc6 27.
Qe4 Qd7 28. Qf3 Re8 29. Qxb3 Qf5+ 30. Ka2 Qxg5 31. d7 Rf8 32. d8=Q Rxd8 33.
Rxd8+ Qxd8 34. Qxf7 1-0

[Event "Bavaria Donaucup 2017"]
[Site "Regensburg"]
[Date "2017.05.25"]
[Round "3.20"]
[White "Ott, Ian"]
[Black "Ganchev, Rostislav"]
[Result "1/2-1/2"]
[WhiteElo "1747"]
[BlackElo "1261"]
[PlyCount "86"]
[EventDate "2017.??.??"]
[WhiteTeam "SC Bav Regensburg"]
[BlackTeam "SC Bav Regensburg"]

1. e4 c5 2. Nf3 Nc6 3. d4 cxd4 4. Nxd4 Qb6 5. Nb3 Nf6 6. Nc3 e6 7. Be3 Qc7 8.
a3 Be7 9. Be2 a6 10. O-O O-O 11. f4 d6 12. Bf3 Rd8 13. Kh1 b5 14. Nd4 Bb7 15.
Qe2 Rac8 16. Rad1 Nxd4 17. Bxd4 e5 18. Be3 Nd7 19. Bg4 Rb8 20. Bxd7 Rxd7 21.
Nd5 Bxd5 22. Rxd5 Rdd8 23. c3 Rbc8 24. Qf2 Bf6 25. Bb6 Qc4 26. Bxd8 Rxd8 27.
fxe5 dxe5 28. Rxd8+ Bxd8 29. Rd1 Bf6 30. Qc2 g6 31. h3 Bh4 32. Qd3 Qb3 33. Qd5
Qxb2 34. Rf1 Bf2 35. Qxe5 Qe2 36. Ra1 Be1 37. a4 Qf1+ 38. Kh2 Bg3+ 39. Kxg3
Qxa1 40. axb5 axb5 41. Qd4 Qc1 42. e5 Qg5+ 43. Kf3 Qf5+ 1/2-1/2

[Event "Bavaria Donaucup 2017"]
[Site "Regensburg"]
[Date "2017.05.25"]
[Round "3.21"]
[White "Thamm, Felix"]
[Black "Blanter, Sofya"]
[Result "1/2-1/2"]
[WhiteElo "1619"]
[BlackElo "1746"]
[PlyCount "100"]
[EventDate "2017.??.??"]
[WhiteTeam "Post Regensburg"]
[BlackTeam "SC Bav Regensburg"]

1. e4 c6 2. d4 d5 3. Nc3 dxe4 4. Nxe4 Bf5 5. Ng3 Bg6 6. h4 h6 7. Nf3 e6 8. Bd3
Bxd3 9. Qxd3 Nf6 10. Bd2 Nbd7 11. c4 Bd6 12. Ne4 Nxe4 13. Qxe4 Nf6 14. Qe2 Qe7
15. O-O-O O-O-O 16. Rhe1 Rhe8 17. Ba5 Bc7 18. Bxc7 Qxc7 19. Ne5 Nd7 20. g3 Nb6
21. c5 Nd5 22. Nc4 Kb8 23. Nd6 Re7 24. Qg4 g6 25. h5 g5 26. a3 b6 27. Rd3 bxc5
28. dxc5 Ka8 29. Qa4 Rb8 30. Qa6 f5 31. b4 f4 32. Nc4 Qb7 33. Qxb7+ Kxb7 34.
Na5+ Kc7 35. gxf4 gxf4 36. Nb3 Rg8 37. Nd4 Kd7 38. Nf3 Rg2 39. Re2 Kc7 40. b5
Ne3 41. bxc6 e5 42. Rd7+ Rxd7 43. cxd7 Nc4 44. c6 Rg8 45. Nxe5 Nxe5 46. Rxe5
Kxc6 47. d8=Q Rxd8 48. Rf5 Rd5 49. Rf6+ Rd6 50. Rxf4 Kd5 1/2-1/2

[Event "Bavaria Donaucup 2017"]
[Site "Regensburg"]
[Date "2017.05.25"]
[Round "3.22"]
[White "Glaser, Max"]
[Black "Kutschera, Reinhardt"]
[Result "1-0"]
[WhiteElo "1590"]
[BlackElo "1392"]
[PlyCount "83"]
[EventDate "2017.??.??"]
[WhiteTeam "SC Furth Waldm."]
[BlackTeam "DJK Regensburg Nord"]

1. e4 d6 2. d4 Nf6 3. Nc3 g6 4. Nf3 Bg7 5. Bd3 O-O 6. O-O c6 7. Bg5 Qb6 8. Rb1
Re8 9. e5 dxe5 10. dxe5 Ng4 11. Qe2 Be6 12. h3 Nh6 13. Rfd1 Nf5 14. Kh1 Nd7 15.
Rd2 Nd4 16. Nxd4 Qxd4 17. Bxg6 Qxe5 18. Qxe5 Bxe5 19. Bh5 Nc5 20. Re1 Bxc3 21.
bxc3 Rad8 22. Rxd8 Rxd8 23. Bxe7 Rd5 24. Bf3 Rf5 25. Bg4 Rd5 26. c4 Rd4 27.
Bxc5 Rxc4 28. Bxe6 fxe6 29. Bxa7 Kf7 30. Rb1 b5 31. Rb2 Kg6 32. Kg1 b4 33. Be3
Kf5 34. Kf1 h5 35. Ke2 e5 36. Kd3 Rc3+ 37. Kd2 Rc4 38. Rb3 e4 39. a3 bxa3 40.
Rxa3 Kg6 41. Ra5 Rb4 42. Rg5+ 1-0

[Event "Bavaria Donaucup 2017"]
[Site "Regensburg"]
[Date "2017.05.25"]
[Round "3.23"]
[White "Winter, Reinhold"]
[Black "Boehm, Tobias"]
[Result "1-0"]
[WhiteElo "1567"]
[BlackElo "1340"]
[PlyCount "151"]
[EventDate "2017.??.??"]
[WhiteTeam "SF Neuenkirchen"]
[BlackTeam "Post Regensburg"]

1. c4 e5 2. Nc3 Bc5 3. e3 Nc6 4. Na4 b6 5. Nxc5 bxc5 6. b3 d6 7. Qf3 Bb7 8. Qg4
Qf6 9. Bb2 Nb4 10. Qd1 Qf5 11. d3 Nf6 12. f3 Qg5 13. Qe2 Qh4+ 14. Kd2 Qh6 15.
Nh3 Qg6 16. Bc3 a5 17. a3 Nc6 18. Nf2 Rd8 19. Ne4 Nxe4+ 20. fxe4 f5 21. exf5
Qxf5 22. e4 Qf4+ 23. Qe3 O-O 24. Qxf4 Rxf4 25. Be2 Rf2 26. Rhg1 Nd4 27. Bxd4
cxd4 28. Raf1 Rdf8 29. Ke1 R2f6 30. Rxf6 Rxf6 31. Bf3 Bc8 32. h3 c5 33. Ke2 Rg6
34. Rf1 Rg3 35. Rb1 Rg6 36. b4 axb4 37. axb4 Re6 38. Bg4 Re8 39. Bxc8 Rxc8 40.
b5 Rb8 41. Ra1 Kf7 42. Ra7+ Kf6 43. Rd7 Rb6 44. Kf3 h6 45. g4 g5 46. Rh7 Kg6
47. Ra7 Rb8 48. Ra6 Rd8 49. Rc6 Kf6 50. Ra6 Ke6 51. Ra7 Kf6 52. Kg3 Kg6 53. Ra6
Kf6 54. h4 Rd7 55. h5 Ke6 56. Kf3 Ke7 57. b6 Ke6 58. Ra7 Rd8 59. Rh7 Rb8 60. b7
Kf6 61. Rxh6+ Kg7 62. Rg6+ Kf7 63. Rxg5 Rxb7 64. Rg6 Rd7 65. g5 Rd8 66. Rf6+
Kg7 67. h6+ Kh7 68. Kg4 d5 69. exd5 e4 70. dxe4 Re8 71. Kh5 Rxe4 72. g6+ Kg8
73. h7+ Kg7 74. Rf7+ Kh8 75. Rf8+ Kg7 76. h8=Q# 1-0

[Event "Bavaria Donaucup 2017"]
[Site "Regensburg"]
[Date "2017.05.25"]
[Round "3.24"]
[White "Zeitler, Juergen"]
[Black "Erhard, Walter sen"]
[Result "1-0"]
[WhiteElo "1439"]
[BlackElo "1319"]
[PlyCount "129"]
[EventDate "2017.??.??"]
[WhiteTeam "DJK Amberg"]
[BlackTeam "SC Bav Regensburg"]

1. e4 c5 2. Nf3 d6 3. d4 cxd4 4. Nxd4 Nf6 5. Nc3 g6 6. Be3 Bg7 7. Qd2 O-O 8. f3
Nc6 9. Bc4 Bd7 10. O-O-O Rc8 11. Nxc6 Bxc6 12. Bd3 Nd7 13. Bh6 Bxh6 14. Qxh6 a6
15. h4 f6 16. h5 g5 17. e5 f5 18. Qxg5+ Kh8 19. Bxf5 Rg8 20. Qh6 Rg7 21. exd6
Qf8 22. Bg4 exd6 23. Rxd6 Rd8 24. Rhd1 Qe8 25. Re6 Re7 26. Rde1 Rxe6 27. Rxe6
Qf7 28. Qe3 Nf6 29. Qe5 Rf8 30. Bf5 Qg7 31. Re7 Qg5+ 32. f4 Qh6 33. Rxh7+ Qxh7
34. Bxh7 Kxh7 35. Qe7+ Kg8 36. g4 Rf7 37. Qe6 Bd7 38. Qb6 Bc6 39. Qc5 Nxg4 40.
h6 Nxh6 41. Ne2 Nf5 42. Nd4 Nxd4 43. Qxd4 Rd7 44. Qe5 Rf7 45. Kd2 Rd7+ 46. Kc3
Rf7 47. Kb4 Kf8 48. f5 Re7 49. Qh8+ Kf7 50. f6 Re4+ 51. Kc5 Re5+ 52. Kb6 Rg5
53. Kc7 Rg6 54. a3 Rxf6 55. Qh7+ Ke6 56. Qd3 Rf7+ 57. Kb6 Rf5 58. c4 Rf3 59.
Qe2+ Kf5 60. Kc5 Kf4 61. Qd1 Re3 62. Qc1 Kf3 63. b4 Re5+ 64. Kb6 Be4 65. Qc3+
1-0

[Event "Bavaria Donaucup 2017"]
[Site "Regensburg"]
[Date "2017.05.27"]
[Round "6.1"]
[White "Hendriks, Willy"]
[Black "Schmid, Roland"]
[Result "1-0"]
[WhiteElo "2385"]
[BlackElo "2200"]
[PlyCount "77"]
[EventDate "2017.??.??"]
[WhiteTeam "SG Bochum"]
[BlackTeam "Post Regensburg"]

1. g3 d5 2. Bg2 c6 3. Nf3 Nf6 4. b3 h6 5. Bb2 Bf5 6. d3 e6 7. Nbd2 Be7 8. Ne5
O-O 9. e4 Bh7 10. Qe2 Nbd7 11. Nxd7 Nxd7 12. O-O Qa5 13. a3 Bf6 14. d4 b5 15.
c3 Rfe8 16. a4 b4 17. c4 Rad8 18. Rfe1 Kf8 19. e5 Be7 20. c5 Nb8 21. Bf1 Kg8
22. h4 Kh8 23. Nf3 Be4 24. Nh2 Nd7 25. Bg2 Bxg2 26. Kxg2 Qc7 27. Rad1 f6 28.
exf6 Nxf6 29. Bc1 Ne4 30. Bf4 Qd7 31. Be5 Bf6 32. Ng4 Qf7 33. f3 Nc3 34. Qd2
Nxd1 35. Bxf6 gxf6 36. Qxh6+ Qh7 37. Qxh7+ Kxh7 38. Nxf6+ Kg6 39. Nxe8 1-0

[Event "Bavaria Donaucup 2017"]
[Site "Regensburg"]
[Date "2017.05.27"]
[Round "6.2"]
[White "Loos, Roland"]
[Black "Goldbeck, Lars"]
[Result "1-0"]
[WhiteElo "2373"]
[BlackElo "2107"]
[PlyCount "67"]
[EventDate "2017.??.??"]
[WhiteTeam "Post Regensburg"]
[BlackTeam "SC Vaterstetten"]

1. e4 c5 2. Nf3 d6 3. d4 cxd4 4. Nxd4 Nf6 5. Nc3 a6 6. Bc4 e6 7. Bb3 Nbd7 8.
Be3 Nc5 9. f3 Be7 10. Qd2 Qc7 11. O-O-O b5 12. Kb1 b4 13. Nce2 Rb8 14. g4 a5
15. g5 Nfd7 16. Nf4 Ne5 17. Nh5 g6 18. Nf6+ Bxf6 19. gxf6 a4 20. f4 axb3 21.
fxe5 Nxe4 22. Qd3 Nc5 23. Qc4 Ba6 24. exd6 Qb6 25. Qxc5 Qxc5 26. d7+ Kxd7 27.
Nxb3+ Qd5 28. Nc5+ Kc6 29. Rxd5 Kxd5 30. Rd1+ Kc6 31. Nxa6 Rb5 32. Rd4 Re5 33.
Nxb4+ Kc5 34. Nd3+ 1-0

[Event "Bavaria Donaucup 2017"]
[Site "Regensburg"]
[Date "2017.05.27"]
[Round "6.3"]
[White "Bunk, Wolfgang"]
[Black "Oberhofer, Cedric"]
[Result "0-1"]
[WhiteElo "1987"]
[BlackElo "2167"]
[PlyCount "72"]
[EventDate "2017.??.??"]
[WhiteTeam "SC Bav Regensburg"]
[BlackTeam "SC Bav Regensburg"]

1. d4 Nf6 2. c4 c5 3. d5 e6 4. Nc3 exd5 5. cxd5 d6 6. e4 g6 7. f3 Bg7 8. Bg5 a6
9. a4 Nbd7 10. Nh3 O-O 11. Be2 Re8 12. Nf2 Qc7 13. Qd2 Rb8 14. Bh6 Bh8 15. h4
Nh5 16. Rh3 c4 17. g4 Nhf6 18. Rc1 b5 19. axb5 axb5 20. Nb1 Nc5 21. Qb4 Qb6 22.
Kf1 Nb3 23. Rd1 Nd7 24. Nd2 Ndc5 25. Nxb3 Nxb3 26. Rb1 Bd4 27. Nd1 Qc5 28. Qxc5
Nxc5 29. Bf4 Rd8 30. h5 Ba6 31. Ne3 Na4 32. Nd1 b4 33. b3 Nc3 34. Nxc3 bxc3 35.
Rd1 c2 36. Rxd4 cxb3 0-1

[Event "Bavaria Donaucup 2017"]
[Site "Regensburg"]
[Date "2017.05.27"]
[Round "6.4"]
[White "Plank, Michael"]
[Black "Klausmann, Leonard"]
[Result "1-0"]
[WhiteElo "2030"]
[BlackElo "1696"]
[PlyCount "83"]
[EventDate "2017.??.??"]
[WhiteTeam "TSV Nittenau"]
[BlackTeam "TSV Kareth-Lappersdorf"]

1. e4 d6 2. Nc3 Nf6 3. f4 Nbd7 4. Nf3 e5 5. Bc4 Be7 6. O-O c6 7. d3 h6 8. fxe5
dxe5 9. Nh4 Nc5 10. Nf5 Bxf5 11. exf5 Qd4+ 12. Kh1 O-O-O 13. Qe2 Ng4 14. Bxf7
h5 15. h3 Bh4 16. Bxh5 Rxh5 17. Qxg4 Qxg4 18. hxg4 Rh7 19. Kg1 Rdh8 20. Rf3 Bd8
21. Kf2 Rh1 22. g5 Bxg5 23. Ne2 e4 24. Rh3 R1xh3 25. gxh3 Bxc1 26. Rxc1 exd3
27. Nf4 d2 28. Rd1 Rf8 29. Ke3 Rxf5 30. Rxd2 Re5+ 31. Kf3 Nd7 32. Rg2 g5 33.
Ng6 Ra5 34. a3 Nf6 35. Ke3 Kd7 36. c4 Ke6 37. h4 Kf7 38. Nh8+ Kg7 39. hxg5 Nh7
40. g6 Kxh8 41. Rh2 Re5+ 42. Kd4 1-0